Complex dynamics of the system of nonlinear difference equations in the Hilbert space

In the given article the necessary and sufficient conditions of the existence of solutions of boundary value problem for the nonlinear system in the Hilbert spaces are obtained. Examples of such systems like a Lotka–Volterra are considered. Bifurcation and branching conditions of solutions are obtai...

Teljes leírás

Elmentve itt :
Bibliográfiai részletek
Szerző: Pokutnyi Oleksandr
Dokumentumtípus: Folyóirat
Megjelent: 2023
Sorozat:Electronic journal of qualitative theory of differential equations
Kulcsszavak:Hilbert tér, Differenciálegyenlet
doi:10.14232/ejqtde.2023.1.44

Online Access:http://acta.bibl.u-szeged.hu/82294
LEADER 01064nas a2200205 i 4500
001 acta82294
005 20231116155053.0
008 231116s2023 hu o 0|| eng d
022 |a 1417-3875 
024 7 |a 10.14232/ejqtde.2023.1.44  |2 doi 
040 |a SZTE Egyetemi Kiadványok Repozitórium  |b hun 
041 |a eng 
100 1 |a Pokutnyi Oleksandr 
245 1 0 |a Complex dynamics of the system of nonlinear difference equations in the Hilbert space  |h [elektronikus dokumentum] /  |c  Pokutnyi Oleksandr 
260 |c 2023 
300 |a 12 
490 0 |a Electronic journal of qualitative theory of differential equations 
520 3 |a In the given article the necessary and sufficient conditions of the existence of solutions of boundary value problem for the nonlinear system in the Hilbert spaces are obtained. Examples of such systems like a Lotka–Volterra are considered. Bifurcation and branching conditions of solutions are obtained. 
695 |a Hilbert tér, Differenciálegyenlet 
856 4 0 |u http://acta.bibl.u-szeged.hu/82294/1/ejqtde_2023_044.pdf  |z Dokumentum-elérés